[Event "EU-ch Rapid"]
[Site "Zagreb"]
[Date "2023.12.14"]
[Round "3"]
[White "Safar, Sandro"]
[Black "Sahidi, Samir"]
[Result "0-1"]
[WhiteElo "2212"]
[BlackElo "2476"]
[PlyCount "118"]
[EventDate "2023.12.14"]
[EventType "swiss (rapid)"]
[EventRounds "11"]
[EventCountry "CRO"]
[SourceTitle "CB51_2023"]
[SourceDate "2023.12.20"]
[SourceVersion "1"]
[SourceVersionDate "2023.12.20"]
[SourceQuality "1"]

1. e4 c5 2. Nc3 Nc6 3. f4 g6 4. Nf3 Bg7 5. d3 e6 6. g3 d5 7. Bg2 Nge7 8. 0-0 0-0 9. Ne2 dxe4 10. dxe4 b6 11. Qxd8 Rxd8 12. c3 Ba6 13. Re1 e5 14. Be3 Rd3 15. Kf2 Rad8 16. Neg1 R3d6 17. Bf1 Bxf1 18. Kxf1 Rd3 19. Nh3 exf4 20. gxf4 Na5 21. Nf2 R3d7 22. Rad1 Nc4 23. Bc1 Nc6 24. Rxd7 Rxd7 25. Rd1 Rxd1+ 26. Nxd1 Kf8 27. Ke2 Ke7 28. Nd2 Nd6 29. Ne3 Ke6 30. a4 Bh6 31. Kf3 f5 32. e5 Nf7 33. h4 Bf8 34. Ndf1 Be7 35. h5 g5 36. Nc4 gxf4 37. Bxf4 Nfxe5+ 38. Nxe5 Nxe5+ 39. Ke2 Nd7 40. Ne3 Nf6 41. h6 Nd5 42. Bb8 Nxe3 43. Kxe3 a6 44. c4 Bg5+ 45. Kf3 Kd7 46. b3 Bxh6 47. Ba7 Kc6 48. Bb8 Bf8 49. Bg3 Bd6 50. Bh4 Kd7 51. Bg5 Bc7 52. a5 bxa5 53. Be3 Bd6 54. Bd2 a4 55. bxa4 Ke6 56. Bh6 Kf6 57. Ke3 Kg6 58. Bf4 Bxf4+ 59. Kxf4 Kf6 0-1

[Event "Titled Tuesday intern op 04th Jul Early"]
[Site "Chess.com INT"]
[Date "2023.07.04"]
[Round "1"]
[White "Safar, Sandro"]
[Black "Molina, Roberto Junio Brito"]
[Result "1-0"]
[WhiteElo "2203"]
[BlackElo "2403"]
[PlyCount "111"]
[EventDate "2023.07.04"]
[EventType "swiss (blitz)"]
[EventRounds "11"]
[EventCountry "USA"]
[SourceTitle "EXT 2024"]
[Source "ChessBase"]
[SourceDate "2023.10.10"]
[SourceVersion "1"]
[SourceVersionDate "2023.10.10"]
[SourceQuality "1"]

1. d4 d5 2. Nc3 Nf6 3. Bf4 a6 4. e3 c5 5. Nf3 Bg4 6. h3 Bxf3 7. Qxf3 e6 8. 0-0-0 Bd6 9. g4 Bxf4 10. Qxf4 cxd4 11. exd4 0-0 12. Be2 Nc6 13. g5 Ne8 14. h4 Qc7 15. Qg3 Rc8 16. h5 b5 17. Bd3 Qxg3 18. fxg3 g6 19. Ne2 Ng7 20. h6 Ne8 21. c3 Nd6 22. Nf4 b4 23. Kd2 bxc3+ 24. bxc3 Na5 25. Rb1 Nac4+ 26. Bxc4 Rxc4 27. Rb3 Ne4+ 28. Kc2 Rfc8 29. Ne2 Nxg5 30. Rhb1 Ne4 31. Rb8 Nf6 32. Rxc8+ Rxc8 33. Rb6 Ra8 34. Kb3 Ng4 35. Ka4 Nxh6 36. Ka5 Nf5 37. Rxa6 Rc8 38. a4 Ne3 39. Kb6 Nc4+ 40. Kb7 Rf8 41. Nf4 Kg7 42. Nd3 Re8 43. Nc5 h5 44. Ra8 Rxa8 45. Kxa8 g5 46. Nd3 h4 47. gxh4 gxh4 48. Kb7 h3 49. Nf2 h2 50. Kc6 Kf6 51. Ng4+ Kf5 52. Nxh2 f6 53. Kb5 e5 54. dxe5 fxe5 55. a5 Nxa5 56. Kxa5 1-0

[Event "Titled Tuesday intern op 11th Apr Early"]
[Site "Chess.com INT"]
[Date "2023.04.11"]
[Round "3"]
[White "Safar, Sandro"]
[Black "Borgaonkar, Akshay"]
[Result "1/2-1/2"]
[WhiteElo "2198"]
[BlackElo "2020"]
[PlyCount "185"]
[EventDate "2023.04.11"]
[EventType "swiss (blitz)"]
[EventRounds "11"]
[EventCountry "USA"]
[SourceTitle "CBM 213 Extra"]
[Source "ChessBase"]
[SourceDate "2023.05.31"]
[SourceVersion "1"]
[SourceVersionDate "2023.05.31"]
[SourceQuality "1"]

1. e4 c6 2. d4 d5 3. exd5 cxd5 4. Bd3 Nc6 5. c3 Qc7 6. Nf3 Nf6 7. 0-0 Bg4 8. h3 Bh5 9. Bg5 e6 10. Re1 Be7 11. Nbd2 h6 12. Bh4 Bd6 13. Nf1 0-0-0 14. Bg3 g5 15. Bxd6 Qxd6 16. Be2 Ne4 17. Ne5 Bxe2 18. Qxe2 Nxe5 19. dxe5 Qb6 20. Rab1 h5 21. Nd2 Nxd2 22. Qxd2 g4 23. h4 g3 24. Qd4 Qxd4 25. cxd4 gxf2+ 26. Kxf2 Rhg8 27. Rbc1+ Kd7 28. Rc3 Rg4 29. Rec1 Ke8 30. Rc7 Rd7 31. Rc8+ Ke7 32. g3 Rxd4 33. Rh8 Rc4 34. Re1 d4 35. Rxh5 Rc2+ 36. Kf3 d3 37. Rd1 Rxb2 38. Rh8 Rxa2 39. h5 Rh2 40. h6 d2 41. h7 a5 42. g4 a4 43. Kg3 Rh6 44. g5 Rd3+ 45. Kg4 Rh2 46. g6 fxg6 47. Rb8 Rxh7 48. Rxb7+ Rd7 49. Rxd7+ Kxd7 50. Rxd2+ Ke7 51. Rb2 Rh5 52. Rb7+ Kd8 53. Kf4 Rf5+ 54. Ke4 g5 55. Rg7 Rf4+ 56. Ke3 a3 57. Rxg5 a2 58. Rg1 Ra4 59. Ra1 Kd7 60. Kd3 Kc6 61. Kc3 Kd5 62. Kb3 Ra8 63. Kb2 Kxe5 64. Re1+ Kf4 65. Ka1 e5 66. Rf1+ Ke4 67. Re1+ Kd5 68. Rd1+ Ke6 69. Re1 Ra4 70. Kb2 e4 71. Ka1 Ke5 72. Rh1 Kd4 73. Rh3 e3 74. Rh4+ Kd3 75. Rxa4 e2 76. Ra3+ Kd4 77. Ra4+ Kd5 78. Ra5+ Kd6 79. Ra6+ Kd7 80. Ra7+ Kd8 81. Ra8+ Ke7 82. Ra7+ Kf6 83. Ra6+ Kf5 84. Ra5+ Kf4 85. Ra4+ Kf3 86. Ra3+ Kf4 87. Ra4+ Kf5 88. Ra5+ Kf6 89. Ra6+ Ke7 90. Ra7+ Ke8 91. Ra8+ Kf7 92. Ra7+ Kf6 93. Ra6+ 1/2-1/2

[Event "CRO-chT2 Qual 1B Liga"]
[Site "Slavonski Brod"]
[Date "2022.11.18"]
[Round "1.4"]
[White "Martic, Zlatko"]
[Black "Safar, Sandro"]
[Result "1-0"]
[WhiteElo "2265"]
[BlackElo "2184"]
[PlyCount "165"]
[EventDate "2022.11.18"]
[EventType "team-tourn"]
[EventRounds "3"]
[EventCountry "CRO"]
[SourceTitle "EXT 2024"]
[Source "ChessBase"]
[SourceDate "2023.10.10"]
[SourceVersion "1"]
[SourceVersionDate "2023.10.10"]
[SourceQuality "1"]
[WhiteTeam "Slavonski Brod Djakovic"]
[BlackTeam "Rijeka ASK Junior"]
[WhiteTeamCountry "CRO"]
[BlackTeamCountry "CRO"]

1. e4 d6 2. d4 Nf6 3. Nc3 Nbd7 4. g3 e5 5. Nge2 c6 6. Bg2 b5 7. 0-0 Bb7 8. a4 b4 9. Na2 a5 10. c3 c5 11. d5 Ba6 12. b3 bxc3 13. Naxc3 Qb6 14. Nb5 Bxb5 15. axb5 Qxb5 16. Nc3 Qb7 17. Re1 Be7 18. Bf1 0-0 19. Bb5 Nb8 20. f4 Nfd7 21. f5 Rc8 22. g4 Bh4 23. Rf1 h6 24. Ra2 Nf6 25. Rg2 Nh7 26. Be3 Ng5 27. Kh1 f6 28. Qd3 Ra7 29. Bf2 Bxf2 30. Rfxf2 Qf7 31. Nd1 Nd7 32. h4 Nh7 33. Ne3 Nb6 34. Ra2 Qc7 35. Bc6 Rb8 36. Qc3 Kh8 37. Rg1 Rg8 38. Kh2 Qd8 39. Rga1 Nc8 40. Rxa5 Rxa5 41. Qxa5 Qxa5 42. Rxa5 Nb6 43. Rb5 Nc8 44. Nc4 g6 45. Bd7 gxf5 46. gxf5 Ne7 47. Nxd6 Rg4 48. Rb8+ Rg8 49. Rxg8+ Kxg8 50. Nb7 Nf8 51. Nxc5 Nxd7 52. Nxd7 Kf7 53. Kg3 Nc8 54. Kf3 Ke7 55. Nb8 Nd6 56. Nc6+ Kd7 57. Na5 Nb5 58. b4 h5 59. Nc4 Nd4+ 60. Kf2 Nb5 61. Nb6+ Kc7 62. Na4 Kd6 63. Nc5 Ke7 64. Ke3 Nd4 65. Ne6 Nc2+ 66. Kf3 Nxb4 67. Ng7 Nc2 68. Nxh5 Nd4+ 69. Kg4 Nb3 70. Ng3 Kf7 71. Kf3 Nd4+ 72. Ke3 Ke7 73. h5 Kf7 74. Kd3 Nf3 75. Kc4 Ke7 76. h6 Ng5 77. Kc5 Kd7 78. d6 Kd8 79. Kc6 Kc8 80. Nh5 Nh7 81. d7+ Kd8 82. Ng7 Ke7 83. Ne6 1-0

[Event "CRO-chT1B 29th"]
[Site "Mali Losinj"]
[Date "2021.09.28"]
[Round "5.2"]
[White "Ostovic, Matija"]
[Black "Safar, Sandro"]
[Result "1/2-1/2"]
[WhiteElo "2392"]
[BlackElo "2240"]
[PlyCount "51"]
[EventDate "2021.09.25"]
[EventType "team-tourn"]
[EventRounds "11"]
[EventCountry "CRO"]
[SourceTitle "CBM 204 Extra"]
[Source "ChessBase"]
[SourceDate "2021.11.30"]
[SourceVersion "1"]
[SourceVersionDate "2021.11.30"]
[SourceQuality "1"]
[WhiteTeam "Novo Virje Konaki"]
[BlackTeam "Rijeka Junior"]
[WhiteTeamCountry "CRO"]
[BlackTeamCountry "CRO"]

1. e4 d6 2. d4 Nf6 3. Nc3 Nbd7 4. Nf3 e5 5. Bc4 Be7 6. 0-0 c6 7. a4 h6 8. Re1 Qc7 9. b3 Nf8 10. Nh4 g6 11. f4 Be6 12. fxe5 dxe5 13. d5 0-0-0 14. Qf3 cxd5 15. exd5 Nxd5 16. Bxd5 Bxh4 17. Re4 Bxd5 18. Nxd5 Rxd5 19. Be3 Kb8 20. Rxh4 Qd7 21. Qf6 Rg8 22. Rf1 Ne6 23. Rxh6 Ng7 24. c4 Rd1 25. Qxe5+ Ka8 26. Qb2 1/2-1/2

[Event "Rijeka Paris Memorial 40th"]
[Site "Rijeka"]
[Date "2019.10.25"]
[Round "9"]
[White "Tomulic, Teo"]
[Black "Safar, Sandro"]
[Result "1-0"]
[WhiteElo "2316"]
[BlackElo "2210"]
[PlyCount "119"]
[EventDate "2019.10.18"]
[EventType "swiss"]
[EventRounds "9"]
[EventCountry "CRO"]
[SourceTitle "CBM 192 Extra"]
[Source "Chessbase"]
[SourceDate "2019.11.06"]
[SourceVersion "1"]
[SourceVersionDate "2019.11.06"]
[SourceQuality "1"]

1. e4 c5 2. Nf3 Nc6 3. d4 cxd4 4. Nxd4 g6 5. c4 Nf6 6. Nc3 d6 7. Nxc6 bxc6 8. c5 Bg7 9. cxd6 exd6 10. Bf4 d5 11. exd5 Nxd5 12. Nxd5 Qxd5 13. Qxd5 cxd5 14. Bb5+ Bd7 15. Bxd7+ Kxd7 16. 0-0-0 Rhc8+ 17. Kb1 Rc5 18. Rd2 a6 19. Rhd1 Kc6 20. Be3 Rb5 21. a4 Rb4 22. Rxd5 Re8 23. Rc5+ Kb7 24. Rd7+ Kb8 25. Rxf7 Bxb2 26. Kc2 Be5 27. Rxh7 Rxa4 28. Kb3 Ra1 29. Rxe5 Rxe5 30. Bf4 Raa5 31. Bxe5+ Rxe5 32. Rg7 Re6 33. Kc4 Rf6 34. h4 Rxf2 35. Rxg6 Rf4+ 36. Kd5 Rxh4 37. Rxa6 Rg4 38. Ra2 Kc7 39. Ke6 Kd8 40. Kf5 Rg3 41. Kf4 Rb3 42. Re2 Rb4+ 43. Re4 Rb1 44. g4 Kd7 45. Kf5 Kd6 46. g5 Rf1+ 47. Kg6 Rg1 48. Kf6 Rf1+ 49. Kg7 Rg1 50. g6 Kd5 51. Re2 Kd6 52. Kf7 Rf1+ 53. Kg8 Rg1 54. g7 Rh1 55. Kf8 Rf1+ 56. Ke8 Rg1 57. Re7 Ra1 58. Kf8 Rg1 59. Rf7 Ke6 60. g8Q 1-0

[Event "Rijeka Paris Memorial 40th"]
[Site "Rijeka"]
[Date "2019.10.21"]
[Round "5"]
[White "Safar, Sandro"]
[Black "Cucancic, Sinisa"]
[Result "1-0"]
[WhiteElo "2210"]
[BlackElo "2237"]
[PlyCount "148"]
[EventDate "2019.10.18"]
[EventType "swiss"]
[EventRounds "9"]
[EventCountry "CRO"]
[SourceTitle "CBM 192 Extra"]
[Source "Chessbase"]
[SourceDate "2019.11.06"]
[SourceVersion "1"]
[SourceVersionDate "2019.11.06"]
[SourceQuality "1"]

1. d4 Nf6 2. Bf4 c5 3. d5 Qb6 4. Nc3 e6 5. e4 Nxe4 6. Nxe4 Qb4+ 7. Nc3 Qxf4 8. Nf3 a6 9. a4 Be7 10. a5 Qc7 11. Qd2 d6 12. Na4 Nd7 13. dxe6 fxe6 14. Bd3 b5 15. axb6 Nxb6 16. Qa5 Bd8 17. c4 0-0 18. 0-0 Nxa4 19. Qxa4 Bf6 20. Qc2 g6 21. Be4 Bb7 22. Rad1 Rad8 23. Bxb7 Qxb7 24. Rfe1 Rfe8 25. b3 Qc6 26. h4 d5 27. h5 gxh5 28. cxd5 Rxd5 29. Qe4 Re7 30. Rc1 Qd6 31. Qe3 Kg7 32. Qe4 Rd3 33. Rxc5 Qxc5 34. Qxd3 Qb5 35. Qe3 Qd5 36. Qb6 a5 37. Rc1 Rb7 38. Rc7+ Rxc7 39. Qxc7+ Kg6 40. Qb8 Qf5 41. Qf8 h4 42. Qb8 Kg7 43. Qc7+ Kh6 44. Qb6 h3 45. Qe3+ Kg7 46. g3 h5 47. Kh2 Kg6 48. Ng1 h4 49. Nxh3 Be5 50. Nf4+ Bxf4 51. gxf4 Kh5 52. Qe2+ Kg6 53. Qe3 Kh6 54. Kh1 Qd5+ 55. Kh2 Qf5 56. Kh1 Kg6 57. Kh2 Qg4 58. Qe4+ Kh6 59. Qe5 Qf5 60. Qh8+ Kg6 61. Qxh4 Qd3 62. Qg3+ Qxg3+ 63. fxg3 Kf5 64. Kg2 Ke4 65. Kf2 Kd3 66. Kf3 Kc3 67. g4 Kxb3 68. g5 a4 69. g6 a3 70. g7 a2 71. g8Q a1Q 72. Qxe6+ Kb4 73. Qe4+ Kb5 74. Qe5+ Qxe5 1-0

[Event "Rijeka Paris Memorial 40th"]
[Site "Rijeka"]
[Date "2019.10.20"]
[Round "4"]
[White "Res, Ivica"]
[Black "Safar, Sandro"]
[Result "1/2-1/2"]
[WhiteElo "2064"]
[BlackElo "2210"]
[PlyCount "70"]
[EventDate "2019.10.18"]
[EventType "swiss"]
[EventRounds "9"]
[EventCountry "CRO"]
[SourceTitle "CBM 192 Extra"]
[Source "Chessbase"]
[SourceDate "2019.11.06"]
[SourceVersion "1"]
[SourceVersionDate "2019.11.06"]
[SourceQuality "1"]

1. c4 f5 2. g3 Nf6 3. Bg2 e6 4. Nf3 Be7 5. 0-0 0-0 6. Nc3 d6 7. d3 Qe8 8. e4 fxe4 9. dxe4 e5 10. Bg5 Nbd7 11. Nh4 h6 12. Be3 Nb6 13. Qb3 Qf7 14. Bxb6 axb6 15. Nf5 Kh7 16. Ne3 Nd7 17. Ncd5 Nc5 18. Qc2 Bf6 19. f4 Be6 20. fxe5 dxe5 21. b4 Na6 22. a3 Rad8 23. Nxf6+ gxf6 24. Nd5 Qg7 25. Rf2 c6 26. Ne3 Nc7 27. Raf1 Ne8 28. Qe2 Qg6 29. Bf3 Ng7 30. Ng2 Rd4 31. Ne3 Qf7 32. Rc1 Qg6 33. Ng2 Qf7 34. Ne3 Qg6 35. Ng2 Qf7 1/2-1/2

[Event "Koper Univ Cup 1st"]
[Site "Koper"]
[Date "2019.04.20"]
[Round "2"]
[White "Safar, Sandro"]
[Black "Yankelevich, Lev"]
[Result "1-0"]
[WhiteElo "2164"]
[BlackElo "2484"]
[PlyCount "140"]
[EventDate "2019.04.20"]
[EventType "swiss (rapid)"]
[EventRounds "9"]
[EventCountry "SLO"]
[SourceTitle "CBM 190 Extra"]
[Source "ChessBase"]
[SourceDate "2019.07.15"]
[SourceVersion "1"]
[SourceVersionDate "2019.07.15"]
[SourceQuality "1"]

1. d4 Nf6 2. Bf4 d5 3. e3 c5 4. c3 Qb6 5. Qb3 Nc6 6. Qxb6 axb6 7. Bc7 Nd7 8. Nf3 e6 9. Nbd2 c4 10. a3 b5 11. Rc1 Be7 12. Be2 g5 13. h3 h5 14. e4 f6 15. Nh2 Nf8 16. Nhf1 Kd7 17. Bg3 Bd6 18. Ne3 h4 19. Bxd6 Kxd6 20. exd5 exd5 21. Bg4 Ng6 22. g3 Bxg4 23. Nxg4 Rhf8 24. Nf3 Rae8+ 25. Kd2 f5 26. Ngh2 hxg3 27. fxg3 g4 28. Ng5 gxh3 29. Nxh3 Na5 30. Rce1 Nb3+ 31. Kd1 Rxe1+ 32. Kxe1 Rh8 33. Nf2 f4 34. Nf1 Re8+ 35. Kd1 fxg3 36. Nxg3 Nf4 37. Nf5+ Kd7 38. Rh7+ Kc6 39. Ne7+ Kb6 40. Rf7 Ka6 41. Rxf4 Rxe7 42. Rf5 Rg7 43. Rxd5 Rg1+ 44. Ke2 Nc1+ 45. Kd2 Nb3+ 46. Ke2 Nc1+ 47. Kd2 Nb3+ 48. Ke2 Rc1 49. Ne4 Rc2+ 50. Ke3 Rxb2 51. Rd8 Rh2 52. d5 Rh7 53. Kf4 Kb6 54. Ke5 Re7+ 55. Kf5 Na5 56. Rc8 Rh7 57. Nf6 Rh3 58. Ne4 Rd3 59. Ke6 Re3 60. Ke5 Rd3 61. Ke6 Re3 62. Ke5 Rd3 63. Nf6 Re3+ 64. Ne4 Rd3 65. Ke6 Re3 66. Ke5 Rd3 67. Ke6 Re3 68. Ke5 Nb3 69. Re8 Nc5 70. Kf4 Rd3 1-0

[Event "Rijeka Paris Memorial 39th"]
[Site "Rijeka"]
[Date "2018.11.04"]
[Round "3"]
[White "Res, Ivica"]
[Black "Safar, Sandro"]
[Result "0-1"]
[WhiteElo "2097"]
[BlackElo "2172"]
[PlyCount "104"]
[EventDate "2018.11.02"]
[EventType "swiss"]
[EventRounds "9"]
[EventCountry "CRO"]
[SourceTitle "CBM 187 Extra"]
[Source "ChessBase"]
[SourceDate "2018.11.04"]
[SourceVersion "1"]
[SourceVersionDate "2018.11.04"]
[SourceQuality "1"]

1. c4 e5 2. g3 Nc6 3. Bg2 f5 4. Nc3 Nf6 5. d3 Bc5 6. e3 0-0 7. Nge2 Qe8 8. Nd5 Nxd5 9. Bxd5+ Kh8 10. 0-0 d6 11. a3 Ne7 12. Bg2 c6 13. b3 Bb6 14. Bb2 Ng6 15. Re1 Be6 16. d4 e4 17. d5 cxd5 18. cxd5 Bf7 19. Nf4 Nxf4 20. gxf4 Qb5 21. Bf1 Qxd5 22. Bc4 Qxd1 23. Rexd1 Bxc4 24. bxc4 Bc5 25. Rd5 Rac8 26. Rad1 b6 27. Kf1 Kg8 28. Ke2 g6 29. h4 h5 30. Rg1 Kf7 31. Rb1 Rc6 32. Bc1 Rb8 33. Rb3 Ke6 34. Bd2 b5 35. Ba5 Rcc8 36. Rd1 bxc4 37. Rc3 Rb5 38. Bb4 Bxb4 39. axb4 Rxb4 40. Ra1 Rc7 41. Rg1 Kf7 42. Ra1 Rb3 43. Kd2 Rb2+ 44. Rc2 c3+ 45. Kc1 Rb5 46. Ra3 Rbc5 47. Ra6 Ke6 48. Rca2 Rd5 49. Rxa7 Rxa7 50. Rxa7 Rd2 51. Rg7 Kf6 52. Rd7 Ke6 0-1

[Event "CRO-chT1B 27th"]
[Site "Biograd"]
[Date "2018.09.18"]
[Round "4.16"]
[White "Safar, Sandro"]
[Black "Tomasic, Roland"]
[Result "1/2-1/2"]
[WhiteElo "2214"]
[BlackElo "2166"]
[PlyCount "145"]
[EventDate "2018.09.15"]
[EventType "team-swiss"]
[EventRounds "9"]
[EventCountry "CRO"]
[SourceTitle "CBM 186 Extra"]
[Source "ChessBase"]
[SourceDate "2018.08.24"]
[SourceVersion "1"]
[SourceVersionDate "2018.08.24"]
[SourceQuality "1"]
[WhiteTeam "Rijeka Junior"]
[BlackTeam "Strigova Stridon"]
[WhiteTeamCountry "CRO"]
[BlackTeamCountry "CRO"]

1. e4 c5 2. Nc3 Nc6 3. f4 g6 4. Nf3 Bg7 5. Bc4 e6 6. f5 Nge7 7. fxe6 dxe6 8. d3 0-0 9. 0-0 Nd4 10. Nxd4 cxd4 11. Ne2 Nc6 12. Qe1 Na5 13. Bb5 a6 14. Ba4 b5 15. Bd2 Nb7 16. Bb3 Nc5 17. Bb4 Qc7 18. Qf2 Nxb3 19. axb3 Re8 20. Nxd4 Bb7 21. Bc3 e5 22. Nf3 a5 23. Ne1 Rf8 24. b4 a4 25. Qc5 Qxc5+ 26. bxc5 Rfc8 27. Bb4 Bf8 28. c3 Bxc5+ 29. Bxc5 Rxc5 30. Nc2 Rd8 31. Nb4 Kg7 32. Rf2 f6 33. Kf1 Ra8 34. Nc2 Rf8 35. Ke2 h5 36. g3 Rc7 37. Ke3 h4 38. g4 Bc8 39. Rg1 Kh6 40. g5+ Kg7 41. Rxf6 Rxf6 42. gxf6+ Kxf6 43. Nb4 Be6 44. d4 exd4+ 45. cxd4 Rc4 46. Nd3 Rc2 47. d5 Bf7 48. Rf1+ Kg7 49. Ne5 Be8 50. d6 Rxb2 51. d7 Bxd7 52. Rf7+ Kh6 53. Rxd7 a3 54. Ra7 a2 55. h3 Kg5 56. Ra6 b4 57. Ra5 Kf6 58. Nd3 Rh2 59. Ra6+ Kg7 60. Nxb4 Rxh3+ 61. Kf4 Rb3 62. Nd5 Rb2 63. Kg4 Re2 64. Ra7+ Kh6 65. Nf6 g5 66. Ra6 Kg6 67. Nh5+ Kf7 68. Kf5 Rf2+ 69. Kg4 Re2 70. Kf3 Rb2 71. Kg4 Re2 72. Kf3 Rb2 73. Kg4 1/2-1/2

[Event "CRO-chT1B 27th"]
[Site "Biograd"]
[Date "2018.09.15"]
[Round "1.46"]
[White "Safar, Sandro"]
[Black "Bubalovic, Davorin"]
[Result "0-1"]
[WhiteElo "2214"]
[BlackElo "2206"]
[PlyCount "92"]
[EventDate "2018.09.15"]
[EventType "team-swiss"]
[EventRounds "9"]
[EventCountry "CRO"]
[SourceTitle "CBM 186 Extra"]
[Source "ChessBase"]
[SourceDate "2018.08.24"]
[SourceVersion "1"]
[SourceVersionDate "2018.08.24"]
[SourceQuality "1"]
[WhiteTeam "Rijeka Junior"]
[BlackTeam "Vinkovci"]
[WhiteTeamCountry "CRO"]
[BlackTeamCountry "CRO"]

1. d4 Nf6 2. Nf3 e6 3. Bf4 d5 4. e3 c5 5. c3 Nc6 6. Nbd2 Be7 7. Bd3 Qb6 8. Qc2 Bd7 9. h3 Rc8 10. a3 a5 11. 0-0 Nh5 12. Bh2 g6 13. Rad1 f5 14. Ne5 Nf6 15. Nxc6 Bxc6 16. Be5 0-0 17. f4 Nd7 18. Nf3 Bb5 19. g4 Bxd3 20. Qxd3 cxd4 21. cxd4 Qxb2 22. Rb1 Qxa3 23. Rb3 Qa2 24. gxf5 Nxe5 25. dxe5 gxf5 26. Rxb7 Rf7 27. Qa6 Rc2 28. Qxe6 Rg2+ 29. Kh1 Qe2 30. Rg1 Rxg1+ 31. Nxg1 Qxe3 32. Rb2 Qc5 33. Rg2+ Kf8 34. Qh6+ Ke8 35. Rg8+ Rf8 36. Qh5+ Kd8 37. Rxf8+ Bxf8 38. Qxf5 a4 39. Qg5+ Kc7 40. e6 a3 41. Qe5+ Bd6 42. Qg7+ Kb6 43. Ne2 Qe3 44. Qg2 a2 45. Qf1 Qe4+ 46. Kg1 Qb1 0-1

[Event "CRO Cup"]
[Site "Mali Losinj"]
[Date "2018.05.19"]
[Round "5.132"]
[White "Safar, Sandro"]
[Black "Cupic, Lovro"]
[Result "1/2-1/2"]
[WhiteElo "2235"]
[BlackElo "2231"]
[PlyCount "48"]
[EventDate "2018.05.16"]
[EventType "team-swiss"]
[EventRounds "6"]
[EventCountry "CRO"]
[SourceTitle "CBM 184 Extra"]
[Source "ChessBase"]
[SourceDate "2018.06.28"]
[SourceVersion "1"]
[SourceVersionDate "2018.06.28"]
[SourceQuality "1"]
[WhiteTeam "Rijeka ASK Junior"]
[BlackTeam "Zagreb Uriho"]
[WhiteTeamCountry "CRO"]
[BlackTeamCountry "CRO"]

1. d4 Nf6 2. Bf4 e6 3. e3 c5 4. Nd2 cxd4 5. exd4 Nd5 6. Bg3 f5 7. Ngf3 Be7 8. c4 Nf6 9. Bd3 d6 10. 0-0 Nh5 11. Qe2 g6 12. h3 Nxg3 13. fxg3 0-0 14. b4 Bf6 15. Nb3 b6 16. Rad1 Qc7 17. c5 dxc5 18. dxc5 Kg7 19. g4 h6 20. Nfd4 bxc5 21. Nxe6+ Bxe6 22. Qxe6 cxb4 23. gxf5 Nd7 24. fxg6 Rae8 1/2-1/2

[Event "CRO Cup"]
[Site "Mali Losinj"]
[Date "2018.05.17"]
[Round "3.72"]
[White "Safar, Sandro"]
[Black "Separovic, Tomislav"]
[Result "1-0"]
[WhiteElo "2235"]
[BlackElo "2182"]
[PlyCount "145"]
[EventDate "2018.05.16"]
[EventType "team-swiss"]
[EventRounds "6"]
[EventCountry "CRO"]
[SourceTitle "CBM 184 Extra"]
[Source "ChessBase"]
[SourceDate "2018.06.28"]
[SourceVersion "1"]
[SourceVersionDate "2018.06.28"]
[SourceQuality "1"]
[WhiteTeam "Rijeka ASK Junior"]
[BlackTeam "Dubrovnik"]
[WhiteTeamCountry "CRO"]
[BlackTeamCountry "CRO"]

1. d4 Nf6 2. Bf4 e6 3. Nf3 c5 4. e3 Be7 5. c3 0-0 6. Nbd2 cxd4 7. exd4 b6 8. Bd3 Ba6 9. Nc4 d5 10. Nce5 Bxd3 11. Nxd3 Bd6 12. Bxd6 Qxd6 13. Nfe5 Nfd7 14. Nxd7 Nxd7 15. Qe2 Rfe8 16. f4 Nf6 17. 0-0 Ne4 18. Rf3 Rac8 19. Re1 Rc7 20. Nf2 f5 21. Kh1 Ree7 22. Rg1 g6 23. Nd3 Rg7 24. Ne5 h5 25. h4 Kh7 26. g3 Rg8 27. Re3 Rb8 28. Qb5 Qd8 29. a4 Qe8 30. Ra1 Qc8 31. Kg2 a6 32. Qb4 Qf8 33. Qb3 Qd6 34. Nf3 Kg7 35. Ng5 Kf6 36. Rd1 Rd8 37. Re2 Qc6 38. Kf3 Rdc8 39. Ke3 Ke7 40. Nxe4 dxe4 41. Red2 Rd7 42. Rc2 b5 43. axb5 axb5 44. Qb4+ Kf7 45. Ra1 Re8 46. Rd2 Rc8 47. Ra5 Rb7 48. Qb3 Re8 49. Rd1 Reb8 50. Qa2 Rd7 51. Ra7 Rbb7 52. Rxb7 Qxb7 53. Ra1 Qc6 54. Qb3 Rb7 55. Ra5 Kf6 56. Qb4 Qe8 57. Ra6 Qe7 58. d5 Qxb4 59. Rxe6+ Kf7 60. cxb4 Rd7 61. Kd4 Re7 62. Ra6 e3 63. Ra1 e2 64. Re1 Re4+ 65. Kd3 Ke7 66. Rxe2 Rxe2 67. Kxe2 Kd6 68. Ke3 Kxd5 69. Kd3 Kc6 70. Kd4 Kd6 71. b3 Kc6 72. Ke5 Kd7 73. Kd5 1-0

[Event "CRO Cup"]
[Site "Mali Losinj"]
[Date "2018.05.17"]
[Round "2.52"]
[White "Saric, Ante"]
[Black "Safar, Sandro"]
[Result "1-0"]
[WhiteElo "2535"]
[BlackElo "2235"]
[PlyCount "73"]
[EventDate "2018.05.16"]
[EventType "team-swiss"]
[EventRounds "6"]
[EventCountry "CRO"]
[SourceTitle "CBM 184 Extra"]
[Source "ChessBase"]
[SourceDate "2018.06.28"]
[SourceVersion "1"]
[SourceVersionDate "2018.06.28"]
[SourceQuality "1"]
[WhiteTeam "Split Mornar"]
[BlackTeam "Rijeka ASK Junior"]
[WhiteTeamCountry "CRO"]
[BlackTeamCountry "CRO"]

1. e4 d6 2. d4 g6 3. c4 Bg7 4. Nc3 Nd7 5. Nf3 c6 6. Be2 Qc7 7. 0-0 Ngf6 8. Re1 e5 9. h3 0-0 10. Be3 Re8 11. d5 Nc5 12. Nd2 a5 13. a3 Bd7 14. b4 Na6 15. Qb3 axb4 16. axb4 Rec8 17. dxc6 bxc6 18. c5 Qb7 19. Bc4 Bf8 20. cxd6 Bxd6 21. Bxf7+ Kg7 22. Nc4 Bc7 23. Bg5 Qxb4 24. Bxf6+ Kxf6 25. Nd5+ cxd5 26. Rxa6+ Rxa6 27. Qxb4 dxc4 28. Bxc4 Ba5 29. Qb3 Bxe1 30. Qf3+ Kg7 31. Qf7+ Kh6 32. Bxa6 Ra8 33. Bb7 Rd8 34. Qe7 Ba5 35. Qxe5 Bb6 36. Qf4+ Kg7 37. Qd6 1-0